[Event "CYCC U12 w"]
[Site "Calgary CAN"]
[Date "2023.07.21"]
[Round "6.61"]
[White "Nguyen, Katherine"]
[Black "Xiao, Stephanie"]
[Result "0-1"]
[WhiteElo "921"]
[BlackElo "1129"]
[PlyCount "124"]
[EventDate "2023.07.19"]
[EventType "swiss"]
[EventRounds "7"]
[EventCountry "CAN"]

1. e4 c5 2. Nf3 Nc6 3. d3 Nf6 4. Bf4 d6 5. g3 e5 6. Be3 Be7 7. c3 Be6 8. Bg2 d5
9. Nbd2 h6 10. exd5 Nxd5 11. O-O Nxe3 12. fxe3 Qxd3 13. Re1 O-O 14. Nb3 Qxd1
15. Raxd1 Rad8 16. Nc1 e4 17. Nd2 Bg4 18. Ne2 Bg5 19. Kf2 Rd3 20. Nxe4 Bxe3+
21. Kf1 Rxd1 22. Rxd1 b6 23. Nf2 Bxf2 24. Kxf2 Ne5 25. h3 Bxe2 26. Kxe2 Re8 27.
Kf2 g5 28. Rd2 Kg7 29. g4 b5 30. b3 a5 31. a3 f6 32. Kg3 Re7 33. h4 gxh4+ 34.
Kxh4 Ng6+ 35. Kg3 Re3+ 36. Kh2 Rxc3 37. Rd7+ Kf8 38. Bd5 Nf4 39. Rd6 Ke7 40.
Rb6 Nxd5 41. Rxb5 Ke6 42. Rxa5 Rxb3 43. Rxc5 Rxa3 44. Rc6+ Ke5 45. Kg2 Kf4 46.
Rc4+ Ke5 47. Kf2 Rc3 48. Rxc3 Nxc3 49. Kg3 f5 50. Kf3 f4 51. Kg2 Nd5 52. Kf3
Nf6 53. g5 hxg5 54. Kg2 g4 55. Kf2 Ke4 56. Ke2 g3 57. Ke1 f3 58. Kf1 Ke3 59.
Kg1 g2 60. Kh2 Kf2 61. Kh3 g1=Q 62. Kh4 Qg4# 0-1

[Event "CYCC U12 w"]
[Site "Calgary CAN"]
[Date "2023.07.21"]
[Round "6.62"]
[White "Doroshenko, Dasha"]
[Black "Xu, Joanne"]
[Result "1-0"]
[WhiteElo "1278"]
[BlackElo "438"]
[PlyCount "105"]
[EventDate "2023.07.19"]
[EventType "swiss"]
[EventRounds "7"]
[EventCountry "CAN"]

1. e4 e5 2. Nf3 Nc6 3. Bc4 Bc5 4. c3 Nf6 5. d3 d5 6. exd5 Nxd5 7. Qb3 Be6 8.
Qxb7 Nde7 9. Qb5 Qd6 10. Nbd2 Bf5 11. Nh4 Bb6 12. Nxf5 Nxf5 13. d4 O-O 14. Bd5
Nfe7 15. Nc4 Qf6 16. Bxc6 Nxc6 17. Nxb6 axb6 18. d5 Na7 19. Qc4 c6 20. O-O b5
21. Qe4 cxd5 22. Qxd5 Rfd8 23. Qe4 b4 24. Qxb4 Rd7 25. Be3 Nc6 26. Qg4 Rd3 27.
Rad1 Rxd1 28. Rxd1 Ne7 29. Qf3 Qxf3 30. gxf3 f6 31. Bc5 Nc6 32. Ba3 f5 33. Rd6
Na5 34. Rd5 Nc4 35. Bb4 Rxa2 36. b3 Rd2 37. bxc4 Rxd5 38. cxd5 g5 39. d6 Kf7
40. d7 g4 41. d8=Q gxf3 42. Qe7+ Kg6 43. h4 h6 44. Kh2 e4 45. Kh3 e3 46. Qxe3
h5 47. Qg5+ Kf7 48. Qe7+ Kg6 49. c4 f4 50. Bc3 Kf5 51. Qe5+ Kg6 52. Qf6+ Kh7
53. Qg7# 1-0

[Event "CYCC U12 w"]
[Site "Calgary CAN"]
[Date "2023.07.21"]
[Round "6.63"]
[White "Maslov, Ayla"]
[Black "Guo, Lynette"]
[Result "0-1"]
[WhiteElo "931"]
[BlackElo "974"]
[PlyCount "92"]
[EventDate "2023.07.19"]
[EventType "swiss"]
[EventRounds "7"]
[EventCountry "CAN"]

1. e4 e5 2. Nf3 Nc6 3. Bc4 Bc5 4. d3 h6 5. h3 Nf6 6. Nc3 O-O 7. Be3 Bb6 8. Qd2
d6 9. O-O-O Na5 10. g4 Bxe3 11. Qxe3 Nh7 12. Rdg1 Be6 13. Bb3 Nxb3+ 14. cxb3
Qd7 15. Rg3 f6 16. Rhg1 Qc6 17. Kd2 a5 18. h4 d5 19. exd5 Bxd5 20. Nxd5 Qxd5
21. g5 fxg5 22. hxg5 h5 23. Qxe5 Qxe5 24. Nxe5 Rxf2+ 25. Kc1 Re8 26. Nc4 b6 27.
Re3 Rxe3 28. Nxe3 Rf3 29. g6 Nf6 30. Kd2 Rf2+ 31. Kc3 Rf4 32. Rh1 Kf8 33. Rh2
Ke7 34. Kd2 Ke6 35. Re2 Kd6 36. Nc4+ Kd7 37. Ne5+ Kc8 38. Rh2 Rb4 39. Nc6 Rg4
40. Ne5 Rg5 41. d4 Ng4 42. Rg2 Kb7 43. Kd3 Nxe5+ 44. dxe5 Rxg2 45. e6 Kc8 46.
Ke4 Kd8 0-1

[Event "CYCC U12 w"]
[Site "Calgary CAN"]
[Date "2023.07.21"]
[Round "6.64"]
[White "Xiong, Victoria"]
[Black "He, Caelyn"]
[Result "0-1"]
[WhiteElo "599"]
[BlackElo "1025"]
[PlyCount "70"]
[EventDate "2023.07.19"]
[EventType "swiss"]
[EventRounds "7"]
[EventCountry "CAN"]

1. d4 d5 2. c4 e6 3. Nf3 c5 4. Nc3 Nf6 5. Bg5 Be7 6. e3 Nc6 7. cxd5 Nxd5 8.
Bxe7 Qxe7 9. Bb5 Bd7 10. Bxc6 Bxc6 11. Rc1 Rc8 12. O-O O-O 13. Re1 Rfe8 14. e4
Nf6 15. e5 Nd5 16. Ne4 cxd4 17. Nd6 Rcd8 18. Nxe8 Bxe8 19. Nxd4 Nb6 20. Qg4 Qb4
21. Red1 Qxb2 22. Rc2 Rxd4 23. Qxd4 Qxc2 24. Rd2 Qc1+ 25. Rd1 Qc4 26. Qd8 Kf8
27. Qd6+ Kg8 28. Qe7 Qc6 29. h3 Nd5 30. Qh4 Qa4 31. g4 Qxd1+ 32. Kg2 f6 33. Qg3
Bc6 34. Kh2 Ne7 35. exf6 Qh1# 0-1

[Event "CYCC U12 w"]
[Site "Calgary CAN"]
[Date "2023.07.22"]
[Round "7.54"]
[White "Deepak, Laksshana"]
[Black "Wang, Angela"]
[Result "1-0"]
[WhiteElo "1681"]
[BlackElo "871"]
[PlyCount "67"]
[EventDate "2023.07.19"]
[EventType "swiss"]
[EventRounds "7"]
[EventCountry "CAN"]

1. e4 e5 2. Nf3 Nc6 3. Nc3 Nf6 4. d4 exd4 5. Nxd4 Be7 6. Be3 O-O 7. f3 Bb4 8.
Qd2 d6 9. O-O-O Nxd4 10. Qxd4 Bc5 11. Qd2 Bb4 12. g4 h6 13. h4 Nh7 14. g5 h5
15. Rg1 Be6 16. g6 Nf6 17. Bh6 Qe7 18. Qg5 fxg6 19. Qxg6 Rf7 20. Nd5 Bxd5 21.
exd5 Kf8 22. Bg5 Ke8 23. c3 Bc5 24. Bb5+ Kf8 25. Rde1 Qd8 26. Rg2 Re7 27. Rge2
Rxe2 28. Rxe2 Qc8 29. Bxf6 gxf6 30. Qxf6+ Kg8 31. Rg2+ Qg4 32. fxg4 Kh7 33.
Bd3+ Kg8 34. gxh5# 1-0

[Event "CYCC U12 w"]
[Site "Calgary CAN"]
[Date "2023.07.22"]
[Round "7.55"]
[White "Chen, Rae"]
[Black "Chen, Shuang"]
[Result "1-0"]
[WhiteElo "1548"]
[BlackElo "1576"]
[PlyCount "65"]
[EventDate "2023.07.19"]
[EventType "swiss"]
[EventRounds "7"]
[EventCountry "CAN"]

1. c4 e6 2. g3 d5 3. cxd5 exd5 4. Bg2 Nf6 5. Nf3 Bf5 6. b3 Be7 7. Bb2 h6 8. Nc3
c6 9. d3 O-O 10. O-O Nbd7 11. Nd4 Bg6 12. Rc1 Re8 13. Re1 Bc5 14. Nc2 Ng4 15.
e3 Bh5 16. d4 Qf6 17. f3 Nxe3 18. Nxe3 Bxd4 19. Qd2 Bxe3+ 20. Rxe3 Rxe3 21.
Nxd5 Qd6 22. Nf6+ Nxf6 23. Qxd6 Bxf3 24. Bxf3 Rxf3 25. Rf1 Rxf1+ 26. Kxf1 Nd5
27. Qd7 a5 28. Qxb7 Re8 29. Qxc6 Ne3+ 30. Kg1 Re6 31. Qc3 Nf5 32. g4 Rg6 33.
Qc8+ 1-0

[Event "CYCC U12 w"]
[Site "Calgary CAN"]
[Date "2023.07.22"]
[Round "7.56"]
[White "Li, Yeeshuen"]
[Black "Zhao, Erin"]
[Result "0-1"]
[WhiteElo "1251"]
[BlackElo "1613"]
[PlyCount "78"]
[EventDate "2023.07.19"]
[EventType "swiss"]
[EventRounds "7"]
[EventCountry "CAN"]

1. e4 c5 2. Nc3 Nc6 3. d3 e6 4. g3 Nf6 5. Bg2 Be7 6. f4 d5 7. e5 Nd7 8. Nf3 Rb8
9. Bd2 b5 10. a3 Qb6 11. Ne2 b4 12. b3 bxa3 13. Rxa3 c4 14. Ra1 cxb3 15. cxb3
Qxb3 16. Rc1 Qxd1+ 17. Kxd1 Bb7 18. Ned4 Nxd4 19. Nxd4 O-O 20. Rc7 Rfd8 21. Ba5
Bc5 22. Nxe6 fxe6 23. Rxb7 Rxb7 24. Bxd8 Nb6 25. Bxb6 Rxb6 26. Kc2 Bd4 27. Bf3
Rb2+ 28. Kd1 a5 29. Re1 a4 30. Bg4 Kf7 31. Re2 Rxe2 32. Bxe2 a3 33. Kc2 a2 34.
Kb3 a1=Q 35. Kb4 Qc3+ 36. Kb5 Qb3+ 37. Kc6 Qb6+ 38. Kd7 Qb7+ 39. Kd8 Bb6# 0-1

[Event "CYCC U12 w"]
[Site "Calgary CAN"]
[Date "2023.07.22"]
[Round "7.57"]
[White "Guan, Marie"]
[Black "Wang, Caitlin"]
[Result "0-1"]
[WhiteElo "1291"]
[BlackElo "1150"]
[PlyCount "110"]
[EventDate "2023.07.19"]
[EventType "swiss"]
[EventRounds "7"]
[EventCountry "CAN"]

1. e4 e5 2. Nf3 Nc6 3. d4 exd4 4. Nxd4 Qf6 5. Be3 Bc5 6. c3 a6 7. Bc4 h6 8. O-O
Nge7 9. Nxc6 Qxc6 10. Bxc5 Qxc5 11. Bb3 O-O 12. Bc2 Qg5 13. Kh1 Ng6 14. f4 Nxf4
15. Qf3 Ng6 16. Bb3 Ne5 17. Qf2 d6 18. Nd2 Be6 19. Nf3 Nxf3 20. Qxf3 Bxb3 21.
axb3 Rab8 22. c4 Qe5 23. Qe2 Rbe8 24. g3 Qxe4+ 25. Qxe4 Rxe4 26. Rae1 Rfe8 27.
Rxe4 Rxe4 28. Kg2 Kf8 29. Kf3 Re6 30. Rd1 Ke7 31. Kf4 Re2 32. h4 Rxb2 33. Rd3
Rf2+ 34. Kg4 Rf6 35. Re3+ Re6 36. Rd3 Kd7 37. Rf3 Re7 38. Kf4 Ke8 39. Kg4 Re1
40. Kh5 Ra1 41. g4 Rg1 42. Rf4 Rg3 43. b4 f6 44. Kg6 Kf8 45. Kf5 Kf7 46. Rd4 b6
47. Kf4 Rh3 48. c5 g5+ 49. hxg5 hxg5+ 50. Kf5 Rf3+ 51. Ke4 Rf4+ 52. Ke3 Rxd4
53. Kxd4 Ke6 54. Ke4 dxc5 55. bxc5 a5 0-1

[Event "CYCC U12 w"]
[Site "Calgary CAN"]
[Date "2023.07.02"]
[Round "7.58"]
[White "Xiao, Stephanie"]
[Black "Wang, April"]
[Result "1-0"]
[WhiteElo "1129"]
[BlackElo "1287"]
[PlyCount "83"]
[EventDate "2023.07.19"]
[EventType "swiss"]
[EventRounds "7"]
[EventCountry "CAN"]

1. e4 c6 2. d4 d5 3. exd5 cxd5 4. c4 Nf6 5. Nc3 Nc6 6. Nf3 Bg4 7. Be2 e6 8.
cxd5 Nxd5 9. O-O Bb4 10. Bd2 Bxf3 11. Bxf3 Nxd4 12. Bxd5 exd5 13. Nxd5 Bxd2 14.
Qxd2 Qxd5 15. Rfe1+ Kf8 16. Qb4+ Kg8 17. Rad1 Nc2 18. Qe7 Qxd1 19. Rxd1 h6 20.
Rd8+ Rxd8 21. Qxd8+ Kh7 22. Qd3+ g6 23. Qxc2 Re8 24. h3 Re7 25. Kf1 Kg7 26. Qc5
Rd7 27. Qxa7 Rc7 28. Qd4+ Kh7 29. Qd3 Re7 30. h4 Re6 31. b4 Kg7 32. Qd5 Re7 33.
b5 b6 34. a4 h5 35. a5 bxa5 36. b6 a4 37. b7 Re8 38. Qc4 Rb8 39. Qc7 a3 40.
Qxb8 a2 41. Qa8 a1=Q+ 42. Qxa1+ 1-0

[Event "CYCC U12 w"]
[Site "Calgary CAN"]
[Date "2023.07.22"]
[Round "7.59"]
[White "Vallabhajosyula, Vijaya"]
[Black "Doroshenko, Sophia"]
[Result "1/2-1/2"]
[WhiteElo "760"]
[BlackElo "1128"]
[PlyCount "76"]
[EventDate "2023.07.19"]
[EventType "swiss"]
[EventRounds "7"]
[EventCountry "CAN"]

1. g3 Nf6 2. Bg2 g6 3. Nc3 d6 4. d3 c6 5. Nf3 Qa5 6. Bg5 Bg7 7. O-O h6 8. Bxf6
Bxf6 9. Ne4 Bg7 10. c3 Qh5 11. Nh4 O-O 12. Bf3 Qa5 13. Bg2 Qd8 14. Rb1 Nd7 15.
Nf3 Nf6 16. Nxf6+ Bxf6 17. Qd2 Bg7 18. e4 e5 19. d4 Re8 20. dxe5 dxe5 21. Qxd8
Rxd8 22. Rbd1 Be6 23. a3 Bb3 24. Rd2 Rxd2 25. Nxd2 Be6 26. b3 Rd8 27. Nc4 Rd3
28. Rc1 h5 29. Bf1 Rd8 30. Na5 Bh6 31. Rb1 Rb8 32. Nc4 Bg7 33. b4 Rd8 34. Na5
Rb8 35. b5 cxb5 36. Rxb5 Rc8 37. Nxb7 Rxc3 38. Ra5 Rc1 1/2-1/2

[Event "CYCC U12 w"]
[Site "Calgary CAN"]
[Date "2023.07.22"]
[Round "7.60"]
[White "Leung, Katherine"]
[Black "Wangluo, Joanne"]
[Result "1/2-1/2"]
[WhiteElo "873"]
[BlackElo "799"]
[PlyCount "133"]
[EventDate "2023.07.19"]
[EventType "swiss"]
[EventRounds "7"]
[EventCountry "CAN"]

1. e4 d5 2. exd5 Qxd5 3. Nc3 Qd6 4. Nf3 c6 5. h3 Bf5 6. Bc4 Nf6 7. d3 e6 8. Nh4
Bg6 9. Nxg6 hxg6 10. Qf3 Be7 11. Bf4 Qb4 12. Bb3 Qb6 13. Bxb8 Rxb8 14. O-O Qc7
15. Ne2 g5 16. Qg3 Qxg3 17. Nxg3 Bd6 18. Rfe1 g4 19. Nf5 Bf8 20. Re3 g6 21. Nd4
Bg7 22. c3 Kd7 23. Rae1 Rh4 24. hxg4 Rbh8 25. f3 Rh1+ 26. Kf2 Nd5 27. Bxd5 cxd5
28. Nc2 Bf6 29. R3e2 Bh4+ 30. g3 Rh2+ 31. Ke3 Rxe2+ 32. Rxe2 Bxg3 33. c4 dxc4
34. dxc4 Rh2 35. Rxh2 Bxh2 36. Nd4 Bg1+ 37. Ke4 Bxd4 38. Kxd4 g5 39. Ke5 Ke7
40. b4 Kd7 41. c5 a6 42. a4 Ke7 43. b5 f6+ 44. Ke4 axb5 45. axb5 Kd7 46. Kd4
Kc7 47. Kc4 b6 48. cxb6+ Kxb6 49. Kb4 f5 50. Kc4 f4 51. Kd4 Kxb5 52. Ke5 Kc4
53. Kxe6 Kd3 54. Kf5 Ke3 55. Kxg5 Kxf3 56. Kh5 Ke3 57. g5 f3 58. g6 f2 59. g7
f1=Q 60. g8=Q Qh1+ 61. Kg6 Qg2+ 62. Kf7 Qf3+ 63. Kg7 Qg4+ 64. Kh8 Qh4+ 65. Qh7
Qd8+ 66. Qg8 Qxg8+ 67. Kxg8 1/2-1/2

[Event "CYCC U12 w"]
[Site "Calgary CAN"]
[Date "2023.07.22"]
[Round "7.61"]
[White "Guan, Isabelle"]
[Black "Doroshenko, Dasha"]
[Result "1-0"]
[WhiteElo "1406"]
[BlackElo "1278"]
[PlyCount "85"]
[EventDate "2023.07.19"]
[EventType "swiss"]
[EventRounds "7"]
[EventCountry "CAN"]

1. e4 c5 2. Nf3 d6 3. Bb5+ Bd7 4. Bxd7+ Nxd7 5. c3 Ngf6 6. Qe2 e6 7. d4 cxd4 8.
cxd4 Be7 9. Nc3 Rc8 10. Bf4 Qa5 11. O-O Qh5 12. Nb5 e5 13. dxe5 dxe5 14. Bd2 a6
15. Nc3 O-O 16. Rac1 Rfd8 17. Bg5 h6 18. Bxf6 Nxf6 19. Rfd1 Bd6 20. h3 b5 21.
a3 Kh8 22. Qe3 b4 23. axb4 Bxb4 24. Rxd8+ Rxd8 25. Qb6 Be7 26. Qxa6 Nd7 27. Rd1
Kh7 28. Qb5 Nf6 29. Rxd8 Bxd8 30. Qb8 Ba5 31. b4 Qg6 32. bxa5 Nxe4 33. Nxe4
Qxe4 34. Qxe5 Qb1+ 35. Kh2 Qa2 36. Qf5+ g6 37. Qb5 Qxf2 38. a6 Qa7 39. Qb7 Qe3
40. Qxf7+ Kh8 41. a7 Qe4 42. Qf8+ Kh7 43. a8=Q 1-0

[Event "CYCC U12 w"]
[Site "Calgary CAN"]
[Date "2023.07.22"]
[Round "7.62"]
[White "Guo, Lynette"]
[Black "Chan, Allison"]
[Result "1-0"]
[WhiteElo "974"]
[BlackElo "1081"]
[PlyCount "93"]
[EventDate "2023.07.19"]
[EventType "swiss"]
[EventRounds "7"]
[EventCountry "CAN"]

1. e4 e5 2. Nf3 Nc6 3. d4 exd4 4. Nxd4 Bc5 5. Be3 d6 6. Nxc6 bxc6 7. Bxc5 dxc5
8. Qxd8+ Kxd8 9. Bc4 Ke7 10. O-O Nf6 11. Nc3 Rd8 12. Rad1 Be6 13. Be2 Rd4 14.
e5 Nd7 15. f4 f6 16. exf6+ Nxf6 17. Rfe1 Rxf4 18. g3 Rd4 19. Bf3 Rxd1 20. Nxd1
Nd5 21. Bg4 Re8 22. Rxe6+ Kd7 23. Rg6+ Kd8 24. Rxg7 Re1+ 25. Kf2 Re7 26. Rxe7
Kxe7 27. c3 a5 28. Ne3 a4 29. a3 Kd6 30. Bd1 Nb6 31. h4 Ke6 32. Kf3 h5 33. Kf4
Kf6 34. Bxh5 Nd5+ 35. Nxd5+ cxd5 36. g4 c6 37. Be8 d4 38. cxd4 cxd4 39. Ke4 c5
40. g5+ Kg7 41. h5 Kh7 42. h6 Kg8 43. g6 Kh8 44. Bf7 d3 45. g7+ Kh7 46. g8=Q+
Kxh6 47. Qg6# 1-0

[Event "CYCC U12 w"]
[Site "Calgary CAN"]
[Date "2023.07.22"]
[Round "7.63"]
[White "He, Caelyn"]
[Black "Maslov, Ayla"]
[Result "0-1"]
[WhiteElo "1025"]
[BlackElo "931"]
[PlyCount "60"]
[EventDate "2023.07.19"]
[EventType "swiss"]
[EventRounds "7"]
[EventCountry "CAN"]

1. e4 e5 2. Nf3 Nc6 3. d4 exd4 4. Nxd4 Nf6 5. Nc3 Bb4 6. Bd2 Nxd4 7. Bc4 O-O 8.
O-O Bxc3 9. Bxc3 Nc6 10. Re1 d6 11. Qd3 Be6 12. Bxe6 fxe6 13. Rad1 e5 14. Re3
Ng4 15. Rf3 Qh4 16. Rd2 Qxh2+ 17. Kf1 Qh1+ 18. Ke2 Qxg2 19. Qd5+ Kh8 20. Rxf8+
Rxf8 21. Kd3 Rf3+ 22. Kc4 Qf1+ 23. Kb3 Nd4+ 24. Rxd4 exd4 25. Qg5 Qxf2 26. Qxg4
dxc3 27. Qc8+ Rf8 28. Qxc7 Qf7+ 29. Qxf7 Rxf7 30. Kxc3 h5 0-1

[Event "CYCC U12 w"]
[Site "Calgary CAN"]
[Date "2023.07.22"]
[Round "7.64"]
[White "Xu, Joanne"]
[Black "Xiong, Victoria"]
[Result "0-1"]
[WhiteElo "438"]
[BlackElo "599"]
[PlyCount "158"]
[EventDate "2023.07.19"]
[EventType "swiss"]
[EventRounds "7"]
[EventCountry "CAN"]

1. e4 c5 2. c3 Nc6 3. d4 d5 4. dxc5 dxe4 5. Qxd8+ Nxd8 6. Bb5+ Nc6 7. f3 Nf6 8.
c4 Bd7 9. Nc3 e6 10. Be3 a6 11. Bxc6 Bxc6 12. O-O-O b5 13. cxb5 axb5 14. Kb1 b4
15. Nce2 Ra5 16. Rc1 Nd7 17. Nd4 Ra6 18. Nb3 Be7 19. Rc4 Bd5 20. Rxb4 Bxb3 21.
Rxb3 exf3 22. Nxf3 Rc6 23. Bd4 O-O 24. Ne5 Nxe5 25. Bxe5 Rxc5 26. Rb7 Rxe5 27.
Rxe7 Rc8 28. Rd1 Re2 29. Red7 g6 30. Rf1 f5 31. g4 Rxh2 32. gxf5 exf5 33. b4
Re2 34. Rh1 h5 35. Rg1 Re6 36. a4 Rc4 37. Rb7 Kf8 38. Rd1 Re7 39. Rb8+ Re8 40.
Rdd8 Rxb4+ 41. Rxb4 Rxd8 42. a5 Kf7 43. a6 Ra8 44. Rb7+ Kf6 45. a7 f4 46. Kc1
g5 47. Kd1 Kf5 48. Ke2 Kg4 49. Rb8 Rxa7 50. Rb1 Re7+ 51. Kf2 Kh3 52. Rh1+ Kg4
53. Rg1+ Kf5 54. Kg2 Re2+ 55. Kf3 Re3+ 56. Kg2 Rg3+ 57. Kf2 Rxg1 58. Kxg1 Kg4
59. Kg2 f3+ 60. Kg1 h4 61. Kh2 Kf4 62. Kh3 g4+ 63. Kxh4 f2 64. Kh5 f1=Q 65. Kg6
Qd3+ 66. Kf6 Qd4+ 67. Kg6 Qe5 68. Kf7 Qd6 69. Kg7 Qe6 70. Kh8 Kg5 71. Kh7 Qh6+
72. Kg8 g3 73. Kf7 g2 74. Kg8 g1=Q 75. Kf7 Kh5 76. Ke8 Qe6+ 77. Kf8 Qf2+ 78.
Kg7 Qg6+ 79. Kh8 Qf8# 0-1

[Event "CYCC U14"]
[Site "Calgary CAN"]
[Date "2023.07.19"]
[Round "1.66"]
[White "Li, Lucas"]
[Black "Soberov, Emil"]
[Result "0-1"]
[WhiteElo "1248"]
[BlackElo "2280"]
[PlyCount "46"]
[EventDate "2023.07.19"]
[EventType "swiss"]
[EventRounds "7"]
[EventCountry "CAN"]

1. Nf3 Nf6 2. d4 e6 3. c4 Bb4+ 4. Nc3 d5 5. Bg5 O-O 6. e3 h6 7. Bh4 b6 8. Be2
Bb7 9. O-O Nbd7 10. Rc1 Be7 11. Qd2 Ne4 12. Nxe4 dxe4 13. Bxe7 Qxe7 14. Ne1 f5
15. f3 Nf6 16. Qc2 c5 17. fxe4 Nxe4 18. Nd3 Rad8 19. Nf4 cxd4 20. exd4 Rxd4 21.
Ng6 Qg5 22. Nxf8 Qe3+ 23. Kh1 Ng3+ 0-1

[Event "CYCC U14"]
[Site "Calgary CAN"]
[Date "2023.07.19"]
[Round "1.67"]
[White "Yang, Ryan"]
[Black "Aithal, Arya"]
[Result "1-0"]
[WhiteElo "2217"]
[BlackElo "1242"]
[PlyCount "55"]
[EventDate "2023.07.19"]
[EventType "swiss"]
[EventRounds "7"]
[EventCountry "CAN"]

1. e4 c6 2. d4 d5 3. e5 Bf5 4. c3 e6 5. Nf3 c5 6. Be2 Nc6 7. O-O Qb6 8. dxc5
Bxc5 9. b4 Be7 10. b5 Na5 11. Be3 Bc5 12. Nd4 Ne7 13. Nd2 Bxd4 14. Bxd4 Qc7 15.
h4 h6 16. h5 b6 17. Rc1 Nb7 18. c4 Qd7 19. Nb3 dxc4 20. Bxc4 Rc8 21. Qf3 O-O
22. Rfd1 Nd5 23. Bb2 Rfd8 24. Nd4 Na5 25. Nxf5 Nxc4 26. Rxd5 exd5 27. Qg4 g6
28. hxg6 1-0

[Event "CYCC U14"]
[Site "Calgary CAN"]
[Date "2023.07.19"]
[Round "1.68"]
[White "Saini, Eshan"]
[Black "Aljo, Johan"]
[Result "0-1"]
[WhiteElo "1242"]
[BlackElo "2124"]
[PlyCount "60"]
[EventDate "2023.07.19"]
[EventType "swiss"]
[EventRounds "7"]
[EventCountry "CAN"]

1. d4 d5 2. Bf4 c5 3. c3 Nc6 4. e3 Bf5 5. Bd3 Bxd3 6. Qxd3 Qb6 7. b3 cxd4 8.
exd4 Nf6 9. Nf3 e6 10. O-O Be7 11. Nbd2 O-O 12. Ne5 Rac8 13. Bg5 Rfd8 14. Ndf3
Qc7 15. Rfe1 Nxe5 16. Nxe5 Qxc3 17. Qxc3 Rxc3 18. Rec1 Rdc8 19. Bd2 Rc2 20. Bg5
Ba3 21. Rd1 Ne4 22. Nd3 Nxg5 23. f3 h6 24. h4 Nh7 25. g4 Bb2 26. Nxb2 Rxb2 27.
Kf1 Rcc2 28. Rdc1 Nf8 29. Ke1 Rh2 30. h5 Rh1# 0-1

[Event "CYCC U14"]
[Site "Calgary CAN"]
[Date "2023.07.19"]
[Round "1.69"]
[White "Wu, Jonathan"]
[Black "Huang, Nico"]
[Result "1-0"]
[WhiteElo "2075"]
[BlackElo "1233"]
[PlyCount "101"]
[EventDate "2023.07.19"]
[EventType "swiss"]
[EventRounds "7"]
[EventCountry "CAN"]

1. e4 e5 2. Nf3 Nc6 3. d4 exd4 4. Nxd4 Bc5 5. Nb3 Bb6 6. Nc3 d6 7. Qe2 Be6 8.
Be3 Nf6 9. O-O-O Bxb3 10. axb3 Bxe3+ 11. Qxe3 Qe7 12. Kb1 O-O-O 13. g3 Rhe8 14.
Bg2 Kb8 15. Rhe1 Ng4 16. Qe2 f5 17. Qb5 Nce5 18. exf5 d5 19. f4 c6 20. Qa4 Qc7
21. fxe5 Nxe5 22. Qf4 Nf7 23. Qxc7+ Kxc7 24. Re6 Rxe6 25. fxe6 Ng5 26. Re1 Kd6
27. h4 Nxe6 28. Bh3 Nc5 29. b4 Na6 30. Re6+ Kc7 31. Re7+ Kb6 32. Rxg7 Nxb4 33.
Rxh7 Rg8 34. g4 Re8 35. Nd1 Re1 36. Kc1 Rh1 37. Bg2 Rh2 38. Bf3 Rxc2+ 39. Kb1
Kc5 40. Re7 Rh2 41. Re2 Rxh4 42. Rg2 Nd3 43. g5 Rh7 44. g6 Rg7 45. Rg5 Nf4 46.
Be4 Kd6 47. Ne3 Ke6 48. Bc2 Kf6 49. Rf5+ Ke6 50. Rxf4 Ke5 51. Rf7 1-0

[Event "CYCC U14"]
[Site "Calgary CAN"]
[Date "2023.07.19"]
[Round "1.70"]
[White "Ahlawat, Jaiho"]
[Black "Joseph, Jonath"]
[Result "0-1"]
[WhiteElo "1215"]
[BlackElo "2057"]
[PlyCount "66"]
[EventDate "2023.07.19"]
[EventType "swiss"]
[EventRounds "7"]
[EventCountry "CAN"]

1. e4 e5 2. Nf3 Nc6 3. d4 exd4 4. Nxd4 Bc5 5. Be3 Qf6 6. c3 Nge7 7. Bc4 d5 8.
exd5 Ne5 9. O-O Nxc4 10. Qa4+ Bd7 11. Qxc4 Bd6 12. Nd2 O-O 13. Ne4 Bxh2+ 14.
Kxh2 Qh4+ 15. Kg1 Qxe4 16. Qxc7 Rfd8 17. Rfe1 Qxd5 18. Rad1 Rac8 19. Qg3 Ng6
20. Nb3 Qh5 21. Bxa7 Bc6 22. Rxd8+ Rxd8 23. Bd4 h6 24. Nc5 Rd5 25. Ne4 f5 26.
Nd2 f4 27. Qf3 Qg5 28. Ne4 Qf5 29. Qd3 Ne5 30. Qc2 f3 31. Bxe5 Rxe5 32. gxf3
Qxf3 33. Qe2 Rg5+ 0-1

[Event "CYCC U14"]
[Site "Calgary CAN"]
[Date "2023.07.19"]
[Round "1.71"]
[White "Singh Dhaliwal, Jaipreet"]
[Black "Zhu, Glyn"]
[Result "1-0"]
[WhiteElo "2028"]
[BlackElo "1213"]
[PlyCount "103"]
[EventDate "2023.07.19"]
[EventType "swiss"]
[EventRounds "7"]
[EventCountry "CAN"]

1. e4 e6 2. d4 d5 3. e5 c5 4. c3 Nc6 5. Nf3 Qb6 6. a3 cxd4 7. cxd4 Nge7 8. b4
Nf5 9. Be3 Nxe3 10. fxe3 Bd7 11. Bd3 a6 12. O-O h6 13. Nc3 Be7 14. Rc1 Rc8 15.
Kh1 O-O 16. Bb1 g6 17. h4 h5 18. Qe1 Bd8 19. Qg3 Ne7 20. Kh2 Bb5 21. Rf2 Qc6
22. Ng5 Nf5 23. Bxf5 exf5 24. Rxf5 Bd3 25. Rf4 Bxg5 26. Qxg5 Qd7 27. Na2 Rxc1
28. Nxc1 Bc4 29. Rf6 Re8 30. Rf2 Re6 31. Ne2 Bxe2 32. Rxe2 Qb5 33. Rf2 Qd7 34.
Kg3 b5 35. Rc2 Rc6 36. Rc5 Qe6 37. Kh2 Qd7 38. Qf4 Kg7 39. e4 dxe4 40. Qxe4
Rxc5 41. bxc5 Qe7 42. Kg3 g5 43. Qf5 gxh4+ 44. Kh3 Qd8 45. Qe4 Qd7+ 46. Kh2 a5
47. c6 Qe7 48. Qf4 Qxa3 49. Qg5+ Kh7 50. Qxh5+ Kg7 51. Qg4+ Kf8 52. c7 1-0

[Event "CYCC U14"]
[Site "Calgary CAN"]
[Date "2023.07.19"]
[Round "1.72"]
[White "Hirji, Kahil"]
[Black "Lu, Tony"]
[Result "0-1"]
[WhiteElo "1180"]
[BlackElo "2014"]
[PlyCount "74"]
[EventDate "2023.07.19"]
[EventType "swiss"]
[EventRounds "7"]
[EventCountry "CAN"]

1. d4 d5 2. Bf4 Nf6 3. e3 c5 4. c3 e6 5. Nf3 Bd6 6. Bxd6 Qxd6 7. Bd3 O-O 8.
dxc5 Qxc5 9. Qc2 h6 10. Nbd2 Nc6 11. O-O e5 12. e4 dxe4 13. Nxe4 Nxe4 14. Bxe4
f5 15. Bxc6 bxc6 16. Rfe1 e4 17. Nd4 Qd6 18. Rad1 Qg6 19. Re3 c5 20. Nb3 Qb6
21. Rd5 Be6 22. Rxc5 Kh8 23. Re5 Qd6 24. Ra5 f4 25. Re1 Bf5 26. Rxf5 Rxf5 27.
Qxe4 Rff8 28. Kf1 Qa6+ 29. c4 Qxa2 30. Qc2 Rab8 31. Nd4 Rxb2 32. Qe4 f3 33.
Nxf3 Rxf2+ 34. Kg1 R8xf3 35. Qe8+ Rf8 36. Qe4 Qb2 37. Qd5 Qe2 0-1

[Event "CYCC U14"]
[Site "Calgary CAN"]
[Date "2023.07.19"]
[Round "1.73"]
[White "Qian, Eric"]
[Black "Swertz, Ben"]
[Result "1-0"]
[WhiteElo "1986"]
[BlackElo "1160"]
[PlyCount "87"]
[EventDate "2023.07.19"]
[EventType "swiss"]
[EventRounds "7"]
[EventCountry "CAN"]

1. e4 c5 2. Nf3 d6 3. Bb5+ Bd7 4. Bxd7+ Qxd7 5. c4 Nf6 6. Nc3 g6 7. d4 cxd4 8.
Nxd4 Bg7 9. f3 O-O 10. Be3 Nc6 11. Nc2 Rac8 12. O-O a6 13. b3 Ne8 14. Qd2 Nc7
15. Rad1 Ne6 16. Nd5 Rb8 17. f4 Nc7 18. c5 Nxd5 19. Qxd5 Rfd8 20. cxd6 Qxd6 21.
Qxd6 Rxd6 22. Rxd6 exd6 23. Bb6 Re8 24. Re1 f5 25. exf5 Rxe1+ 26. Nxe1 gxf5 27.
Nf3 h6 28. Nh4 Ne7 29. Bd8 Kf7 30. Bxe7 Kxe7 31. Nxf5+ Kf6 32. Nxg7 Kxg7 33.
Kf2 Kf6 34. Ke3 Kf5 35. g3 h5 36. Kd4 Kg4 37. Kd5 Kh3 38. f5 Kxh2 39. f6 Kxg3
40. f7 h4 41. f8=Q h3 42. Qxd6+ Kg2 43. Qg6+ Kh1 44. Ke4 1-0

[Event "CYCC U14"]
[Site "Calgary CAN"]
[Date "2023.07.19"]
[Round "1.74"]
[White "Tian, Justin"]
[Black "Wu, Nolan"]
[Result "1-0"]
[WhiteElo "1132"]
[BlackElo "1983"]
[PlyCount "85"]
[EventDate "2023.07.19"]
[EventType "swiss"]
[EventRounds "7"]
[EventCountry "CAN"]

1. e4 c5 2. Nf3 d6 3. Bc4 e6 4. Nc3 Nc6 5. d4 cxd4 6. Nxd4 Nf6 7. Bg5 Be7 8.
Nxc6 bxc6 9. Qe2 Nxe4 10. Bxe7 Nxc3 11. Qg4 Qa5 12. Bxd6 Rg8 13. O-O Nd5 14.
Bxd5 cxd5 15. Qh4 f6 16. Qxh7 Kf7 17. Qh5+ g6 18. Qh7+ Rg7 19. Qh3 Bb7 20. Rfe1
Re8 21. Re3 Qb6 22. Ba3 d4 23. Rb3 Qc6 24. Qg3 Rh8 25. Rd1 Rgh7 26. h3 Rxh3 27.
Rxb7+ Qxb7 28. gxh3 e5 29. Qg2 Qc8 30. Rd3 Rh5 31. Rg3 g5 32. Qd5+ Kg7 33. Qa5
Qe8 34. Qxa7+ Kg6 35. Qe7 Qc6 36. Qc5 Qe4 37. Bb4 Rh7 38. a4 Qb7 39. a5 Rh8 40.
Qb6 Qa8 41. Be7 Rg8 42. Qxf6+ Kh7 43. Qf5+ 1-0